000 00512nam a2200181Ia 4500
001 25006
005 20260414151121.0
008 260414t2024||||xx |||||||||||||| ||spa||
041 _aESP
082 _a346.1
_bC17
100 _aCalderón Puertas, Carlos,
_eAUT
245 0 _aLecciones de derecho de las personas :
_bistoria, sujetos de derecho, concebido, igualdad, identidad, muerte
260 _c2024
300 _a367 páginas :
_c25 cm.
650 _aDER
654 _aCDE
942 _cLIB
_dJUS
_fJUS
_2ddc
_n
999 _c25006
_d25006